Soziale Netzwerke – Medien, die die interkulturelle Kommunikation stürzen

Gespeichert in:
Bibliographische Detailangaben
1. Verfasser: Zorkóciová, Otília, 1954-
Weitere Verfasser: Vanková, Lucia, Pospíšilová, Jana, 1950-
Format: Buchkapitel
Sprache:Deutsch
Schlagworte:
Tags: Tag hinzufügen
Keine Tags, Fügen Sie das erste Tag hinzu!

MARC

LEADER 00000naa$a2200000$$$4500
001 0223329
005 20240531125529.7
041 0 |a ger 
044 |a DE 
245 1 0 |a Soziale Netzwerke – Medien, die die interkulturelle Kommunikation stürzen  |c Otília Zorkóciová, Lucia Vanková, Jana Pospíšilová 
610 2 0 |a komunikácia marketingová 
610 2 0 |a siete sociálne 
610 2 0 |a komunikácia interkultúrna 
610 2 0 |a komunikácia masmediálna 
610 2 0 |a obchod medzinárodný 
100 1 |a Zorkóciová, Otília, 1954- 
700 1 |a Vanková, Lucia 
700 1 |a Pospíšilová, Jana, 1950-